Individua i numeri primi - morte improvvisa - Statistics

Statistiche generali
  • Questo quiz è stato fatto 348 volte
  • Il punteggio medio è 7 su 14
Answers on the Grid
Answers color-coded by a green-red scale on the quiz's grid according to % correct below.
2
4
45
65
87
54
44
23
67
73
69
83
71
37
12
17
23
57
55
80
1
43
19
29
58
88
93
41
20
10
7
8
 
Statistiche sulle risposte
Risposta % Corretto
7
64%
23
53%
17
52%
19
52%
23
49%
2
48%
29
48%
37
45%
41
43%
73
43%
43
42%
67
40%
71
38%
83
33%
Nessun quiz corrispondente trovato
Distribuzione punteggi
Percentuale di utenti per punteggio
Percentile per numero di risposta
I tuoi punteggi nel tempo
Non hai fatto questo quiz